| 000 | 01208cam a22003617a 4500 | ||
|---|---|---|---|
| 003 | CHAP | ||
| 005 | 20220329142449.0 | ||
| 008 | 010329d1999 us r 00110 eng d | ||
| 010 | _a83851 | ||
| 011 | _a84823 | ||
| 020 | _a0896035158 | ||
| 035 | _a95349 | ||
| 040 | _cCHAP | ||
| 082 | 0 | 4 |
_a632.95 _bH33 |
| 100 | 0 | 0 |
_aHall, Franklin R. _eed. _952316 |
| 245 | 1 | 0 |
_aBiopesticides : _buse and delivery _c/ed. by Franklin R. Hall and Julius J. Menn |
| 260 |
_aTotowa, New Jersy : _bHumana press, _c1999. |
||
| 300 | _a626 p. | ||
| 490 | 0 |
_aMethods in biotechnology _v; 5 |
|
| 590 |
_aBATCH-UPD _b10 _c20130110 _lUCH01 _h0404 |
||
| 590 |
_aBATCH-UPD _b10 _c20130110 _lUCH01 _h2027 |
||
| 590 |
_aBATCH-UPD _b10 _c20130410 _lUCH01 _h0037 |
||
| 590 |
_aBATCH-UPD _b10 _c20130914 _lUCH01 _h1047 |
||
| 590 |
_aCONVERSION _b10 _c20130109 _lUCH01 _h1347 |
||
| 650 | 1 | 4 |
_aControl biológico de plagas. _927587 |
| 650 | 1 | 4 |
_aPesticidas de origen vegetal. _987574 |
| 700 | 0 |
_aMenn, Julius J. _eed. _974816 |
|
| 830 | 0 | 0 |
_aMethods in biotechnology _v; 5 _975228 |
| 901 | _aBK | ||
| 905 | _aLilia Sánchez G. | ||
| 942 | _cLIBRO | ||
| 949 |
_a632.95 H33 _bBC _cLIBRO _d33724000820866 _eLIBRO _gI.211227 _h100017 _i95349 _si _t$1.185.60 |
||
| 999 |
_c83851 _d83851 |
||